00414nam a2200157Ia 4500008004100000020001500041041001200056082001600068100001900084245007300103250000800176260002500184300000800209650002100217700001800238221030s9999 xx 000 0 und d a8120309863 aEnglish a105.23bPuc aD. A. Pucknell 0aBasic VLSI Design ( DEPARTMENTAL )cby D. A. Pucknell, K. Eshraghian a3rd bPHIaNew Delhic2006 a459 aECE Departmental aK. Eshraghian